Dạy học bài tập vật lí ở trường phổ thông Dạy học bài tập vật lí ở trường phổ thông

Lý luận chung về bài tập vật lí. Phương pháp dạy học về bài tập vật lí. Phân tích phương pháp giải bài tập thuộc một số đề tài phần cơ học và nhiệt học trong chương trình vật lí phổ thông.

שמור ב:
מידע ביבליוגרפי
מחבר ראשי: Đỗ Hương Tr
מחברים אחרים: Phạm Gia Phách
פורמט: ספר
שפה:Vietnamese
יצא לאור: H. Đại học Sư phạm 2016
מהדורה:In lần thứ ba, có sửa chữa
נושאים:
תגים: הוספת תג
אין תגיות, היה/י הראשונ/ה לתייג את הרשומה!
Thư viện lưu trữ: Mạng thư viện Đại học Đà Nẵng
LEADER 01601nam a2200373 4500
001 000025166
003 21658
005 20170522080539.0
008 170522s2016 viesd
020 |c 79000 
041 0 |a vie 
082 1 4 |a 530.0712  |b ĐÔ-T 
100 1 |a Đỗ Hương Trà 
245 1 0 |a Dạy học bài tập vật lí ở trường phổ thông  |b Dạy học bài tập vật lí ở trường phổ thông  |c Đỗ Hương Trà chủ biên; Phạm Gia Phách 
246 |a Dạy học bài tập vật lý ở trường phổ thông 
250 |a In lần thứ ba, có sửa chữa 
260 |a H.  |b Đại học Sư phạm  |c 2016 
300 |a 279 tr.  |c 24 cm. 
520 3 |a Lý luận chung về bài tập vật lí. Phương pháp dạy học về bài tập vật lí. Phân tích phương pháp giải bài tập thuộc một số đề tài phần cơ học và nhiệt học trong chương trình vật lí phổ thông. 
650 0 4 |a Vật lý  |x Dạy và học 
653 |a Vật lý 
653 |a Phương pháp giảng dạy 
653 |a Giáo dục phổ thông 
700 1 |a Phạm Gia Phách 
OWN |a LSP 
AVA |a UDN50  |b LSP  |d 530.0712 ĐÔ-T  |e check_holdings  |t Error 5003 Not defined in file expand_doc_bib_avail.  |h N  |k 1 
999 |a From the UDN01 
AVA |a UDN50  |b LSP  |d 530.0712 ĐÔ-T  |e available  |t Error 5001 Not defined in file expand_doc_bib_avail.  |f 20  |g 0  |h N  |i 22  |k 1 
TYP |a Monograph 
TYP |a Printed language 
980 |a Mạng thư viện Đại học Đà Nẵng